LEADER 01295nam2-22003251i-450- 001 990000345310403321 005 20001010 035 $a000034531 035 $aFED01000034531 035 $a(Aleph)000034531FED01 035 $a000034531 100 $a20001010d--------km-y0itay50------ba 101 0 $aita 105 $ay-------001yy 200 1 $aUeber den naturlichen zusammenhang der organischen mit den unorganischen Verbindungen die WissenschaftlicheGrundlage zu einer naturgemassen Classification der organischen chemischen Korper$fVon H. Kolbe. Herausgegeben von Ernst von Meyer. 210 $aLeipzig$cVerlag von Engelmann$d1897 215 $a42 p., 19 cm 225 1 $aOstwalds Klassiker der exakten Wissenschaften$vNr. 92 461 0$1001000034542$12001$aUeber Physikalische Kraftlinien 676 $a030 700 1$aKolbe,$bHermann$016717 702 1$aMeyer,$bErnst von$f<1847-1916> 801 0$aIT$bUNINA$gRICA$2UNIMARC 901 $aBK 912 $a990000345310403321 952 $a04 210-1/92$bCI$fDINCH 959 $aDINCH 996 $aUeber den naturlichen zusammenhang der organischen mit den unorganischen Verbindungen die WissenschaftlicheGrundlage zu einer naturgemassen Classification der organischen chemischen Korper$9124736 997 $aUNINA DB $aING01 LEADER 01882nam0-2200325---450 001 9910345759303321 005 20240109112911.0 012 $alaes ens? e-nt cemo (3) 1824 (R)$2fei$5IT-NA0338: I a 37 (1 100 $a20191112d1824----km-y0itay50------ba 101 0 $afre 102 $aFR 140 $aa-----------------bb0------- 200 1 $aEssai sur les cryptogames des écorces exotiques officinales, précédé d'une méthode lichénographique, et d'un genera avec des considérations sur la reproduction des agames ... Par A.-L.-A. Fée ... 210 $aParis$cFirmin Didot père et fils, libraires, Rue Jacob, N° 24$d1824$e[Parigi]$gDe l'imprimerie de Firmin Didot, Rue Jacob, N° 24 215 $a[4], CIV, 167, [1], 4, [2] p., [1], XLIII c. di tav.$cill. color.$d4° 306 $aAltra indicazione di pubblicazione sul verso dell'occhietto 307 $aSegn.: ?² a-m? 1-19? 20-23² ?² ²?¹ 316 $aLegato con: Essai sur les cryptogames des écorces exotiques officinales : supplément et révision par A. L. A. Fée$5IT-NA0338: I a 37 (1 316 $aMutilo delle c. di tav., erroneamente rilegate dopo il v. 2$5IT-NA0338: I a 37 (1 620 $aFrancia.$dParigi 700 1$aFée,$bAntoine Laurent Apollinaire$0761022 719 00$aDidot,$gFirmin père & fils$4650 801 0$aIT$bUNINA$gREICAT$2UNIMARC 856 4 $zVisualizza la versione elettronica in SBNWeb$uhttps://books.google.it/books?id=Sk1gMzkQXOMC&printsec=frontcover&hl=it&source=gbs_ge_summary_r&cad=0#v=onepage&q&f=false$e20191112 901 $aAQ 912 $a9910345759303321 952 $aI a 37 (1$b4842$fDBV 959 $aDBV 996 $aEssai sur les cryptogames des écorces exotiques officinales, précédé d'une méthode lichénographique, et d'un genera avec des considérations sur la reproduction des agames ... Par A.-L.-A. Fée ..$91567385 997 $aUNINA